Secció Excursionisme de la Federació d'Alumnes i Ex-Alumnes de l'Escola del Treball

Publicado: Barcelona : la Federació, [193- ?]
Descripción Física: 1 díptic : map. ; 24 cm

MARC

LEADER 00000nam a2200000Ia 4500
001 22631
008 160829s9999 xx 000 0 cat d
080 |a RF-16-1 
245 |a Secció Excursionisme de la Federació d'Alumnes i Ex-Alumnes de l'Escola del Treball 
260 |a Barcelona :  |b la Federació, [193- ?] 
300 |a 1 díptic :  |b  map. ;  |c 24 cm 
590 |a Prové de 4032, exp. 145.  
590 |a Organització d'una excursió a Empuries, amb el professor Balcells. 
650 |a Escola del Treball (Barcelona). Federació d'Alumnes i Ex-alumnes 
710 2 |a Federació d'Alumnes i Ex-alumnes de l'Escola del Treball  |9 56300 
856 4 |u https://media.diba.cat/diba/fitxers/arxiu/fulletons/bib_22631_1930_baixa.pdf  |y Accés lliure 
856 4 |u https://media.diba.cat/diba/fitxers/arxiu/fulletons/bib_22631_1930_baixa.pdf  |y Accés lliure 
901 |a Arxiu 
942 |n 1  |2 udc 
952 |0 0  |1 0  |4 0  |6 RF161  |7 1  |9 53989  |a Arxiu  |b Arxiu  |d 2016-12-01  |l 0  |o RF-16-1  |p 22631  |r 2016-12-01 00:00:00  |w 2016-12-01  |y ARXIU 
999 |c 57856  |d 57856 
900 |a bib_22631_1930_baixa.pdf